000 004950000a22001690004500
003 MACL
005 20160309160022.0
008 160309b xxu||||| |||| 00| 0 eng d
040 _aMACL
_cMACL
041 _aHindi
082 _a891.432
100 _aसब्‍बस्‍वाल कंचनलता
_944238
245 _aअमिया
260 _bसाहित्‍य सदन
_c1950
_aलखनउ
650 _aIndian Literature Drama
_944239
942 _cHIN
_k891.432
_2ddc
999 _c23059
_d23059